The Cambridge companion to Horace / (Record no. 250)

MARC details
000 -LEADER
fixed length control field 01480cam a2200385 a 4500
001 - CONTROL NUMBER
control field 14827983
003 - CONTROL NUMBER IDENTIFIER
control field csc
005 - DATE AND TIME OF LATEST TRANSACTION
control field 20200421093824.0
008 - FIXED-LENGTH DATA ELEMENTS--GENERAL INFORMATION
fixed length control field 070430s2007 enk b 001 0 eng
010 ## - LIBRARY OF CONGRESS CONTROL NUMBER
LC control number 2007296785
015 ## - NATIONAL BIBLIOGRAPHY NUMBER
National bibliography number GBA689862
Source bnb
016 7# - NATIONAL BIBLIOGRAPHIC AGENCY CONTROL NUMBER
Record control number 013583923
Source Uk
020 ## - INTERNATIONAL STANDARD BOOK NUMBER
International Standard Book Number 0521830028 (hbk.)
020 ## - INTERNATIONAL STANDARD BOOK NUMBER
International Standard Book Number 9780521830027 (hbk.)
020 ## - INTERNATIONAL STANDARD BOOK NUMBER
International Standard Book Number 0521536847 (pbk.)
020 ## - INTERNATIONAL STANDARD BOOK NUMBER
International Standard Book Number 9780521536844 (pbk.)
035 ## - SYSTEM CONTROL NUMBER
System control number (OCoLC)ocm74523175
035 ## - SYSTEM CONTROL NUMBER
System control number (OCoLC)74523175
040 ## - CATALOGING SOURCE
Original cataloging agency UKM
Transcribing agency UKM
Modifying agency BAKER
-- YDXCP
-- BWKUK
-- IXA
-- DLC
042 ## - AUTHENTICATION CODE
Authentication code lccopycat
050 00 - LIBRARY OF CONGRESS CALL NUMBER
Classification number PA6411
Item number .C28 2007
245 04 - TITLE STATEMENT
Title The Cambridge companion to Horace /
Statement of responsibility, etc. edited by Stephen Harrison.
260 ## - PUBLICATION, DISTRIBUTION, ETC.
Place of publication, distribution, etc. Cambridge, UK ;
-- New York :
Name of publisher, distributor, etc. Cambridge University Press,
Date of publication, distribution, etc. 2007.
300 ## - PHYSICAL DESCRIPTION
Extent xiii, 381 p. ;
Dimensions 24 cm.
500 ## - GENERAL NOTE
General note Note field
504 ## - BIBLIOGRAPHY, ETC. NOTE
Bibliography, etc. note Includes bibliographical references (p. 349-378) and index.
600 00 - SUBJECT ADDED ENTRY--PERSONAL NAME
Personal name Horace
General subdivision Criticism and interpretation.
9 (RLIN) 1394
700 1# - ADDED ENTRY--PERSONAL NAME
Personal name Harrison, S. J.
9 (RLIN) 1395
856 41 - ELECTRONIC LOCATION AND ACCESS
Materials specified Table of contents only
Uniform Resource Identifier <a href="http://www.loc.gov/catdir/toc/fy0711/2007296785.html">http://www.loc.gov/catdir/toc/fy0711/2007296785.html</a>
856 42 - ELECTRONIC LOCATION AND ACCESS
Materials specified Contributor biographical information
Uniform Resource Identifier <a href="http://www.loc.gov/catdir/enhancements/fy0729/2007296785-b.html">http://www.loc.gov/catdir/enhancements/fy0729/2007296785-b.html</a>
856 42 - ELECTRONIC LOCATION AND ACCESS
Materials specified Publisher description
Uniform Resource Identifier <a href="http://www.loc.gov/catdir/enhancements/fy0729/2007296785-d.html">http://www.loc.gov/catdir/enhancements/fy0729/2007296785-d.html</a>
906 ## - LOCAL DATA ELEMENT F, LDF (RLIN)
a 7
b cbc
c copycat
d 2
e ncip
f 20
g y-gencatlg
942 ## - ADDED ENTRY ELEMENTS (KOHA)
Source of classification or shelving scheme Dewey Decimal Classification
Koha item type Books
Holdings
Withdrawn status Lost status Damaged status Not for loan Collection Home library Current library Shelving location Date acquired Barcode Date last seen Price effective from Koha item type
        Reference Fairview Fairview General stacks 09/04/2014 39999000010879 09/04/2014 09/04/2014 Books